| 000 | 02261cam a22003973a 4500 | ||
|---|---|---|---|
| 999 |
_c534079 _d534079 |
||
| 001 | 15590125 | ||
| 003 | NUST | ||
| 005 | 20200130123442.0 | ||
| 008 | 950724s1974 xx 000 0deng | ||
| 010 | _a 2009656644 | ||
| 035 | _acoe95000161 | ||
| 038 | _awaseem | ||
| 040 |
_aDLC _cDLC |
||
| 050 | 0 | 0 |
_aPN2093 _b.C64 1995 no. A135 |
| 082 |
_a822.33 _bSHA |
||
| 245 | 0 | 0 |
_aAs you like it. _cShakespeare |
| 260 |
_cNew York : _aWashington Square press, _b1977. |
||
| 300 | _a105 p. | ||
| 500 | _aGeary Theatre, North American Premiere engagement July 13-August 4, 1974. | ||
| 500 | _aCast: Michael Beint, Gilbert Wynne, Ian Hanson, John Nettleton, Dennis Edwards, John Flint, David Howey, Adam Kurakin, Paul Hastings, Blake Butler, Rod Willmott, Nigel Hawthorne, Christopher Robb, John Gay, Geoffrey Burridge, John Dallimore, David Mace, Simon Hill, Gregory Floy, David Schofield, Christopher Neame, Gordon Kaye, Raymond Dring, Andrew Johns, Jeff Murray. | ||
| 500 | _aTitle devised by Library staff. | ||
| 500 | _a"Performing arts, San Francisco's music & theatre monthly. July 1974/vol. 8, no. 7"--p. 4. | ||
| 520 | _aGeary Theatre, The American Conservatory Theatre, S. Hurok presents in association with Herman & Diana Shumlin by arrangement with the National Theatre of Great Britain the Clifford Williams production of "As You Like It," by Shakespeare, designed by Ralph Koltai, music by Marc Wilkinson, lighting by Robert Ornbo, with Gregory Floy, Paul Hastings, John Nettleton, Nigel Hawthorne, David Schofield. | ||
| 580 | _aIn: Richard L. Coe Theater Programs Collection (Library of Congress). | ||
| 655 | 7 |
_aTheater programs _zCalifornia _zSan Francisco. _2rbgenr _928203 |
|
| 655 | 7 |
_aTheater programs _y1974. _2rbgenr _928204 |
|
| 700 | 1 |
_aWilliams, Clifford, _d1926- _928205 |
|
| 700 | 1 |
_aShakespeare, William, _d1564-1616. _tAs you like it. _917233 |
|
| 710 | 2 |
_aAmerican Conservatory Theater. _928206 |
|
| 710 | 2 |
_aNational Theatre (Great Britain) _928207 |
|
| 710 | 2 |
_aRichard L. Coe Theater Programs Collection (Library of Congress) _5DLC _911214 |
|
| 752 |
_aUnited States _bCalifornia _dSan Francisco. |
||
| 906 |
_a7 _bcbc _corigres _d2 _encip _f20 _gy-genrareb |
||
| 942 |
_2ddc _cBK |
||